| 000 | 01379nam a22002417a 4500 | ||
|---|---|---|---|
| 999 |
_c62963 _d62963 |
||
| 003 | Ge_BSU | ||
| 005 | 20250415112444.0 | ||
| 008 | 250415s2016 ge ||||| |||| 00| 0 geo d | ||
| 020 | _a9789941090806 | ||
| 041 | _ageo | ||
| 080 | _a316.485.6 : 005.574 კ-29 | ||
| 100 |
_aკარნეგი, დეილ _915326 |
||
| 245 |
_aროგორ გამოვიდეთ ნებისმიერი კონფლიქტური სიტუაციიდან / _cდეილ კარნეგი; მთარგმნელები: ნინა თურმანიძე, ლაშა ბულია; რედაქტორი თამაზ თურმანიძე. |
||
| 264 |
_aთბილისი : _bგეო, _c2016. |
||
| 300 |
_a178 გვ. ; _b20 სმ. |
||
| 653 | _aკონფლიქტების სოციოლოგია | ||
| 653 | _aკონფლიქტების მოგვარება | ||
| 653 | _aპიროვნებათაშორისი ურთიერთობები | ||
| 700 |
_aთურმანიძე, ნინა _eმთარგმნელი _924803 |
||
| 700 |
_aბულია, ლაშა _eმთარგმნელი _911893 |
||
| 700 |
_aთურმანიძე, თამაზ _eრედაქტორი _911865 |
||
| 942 |
_2udc _cᲬᲘᲒᲜᲘ |
||